Państwa pod władaniem Napoleona I w roku 1810 - Statystyki

Ogólne statystyki
  • Ten quiz został rozwiązany 298 razy
  • Średni wynik to 10 z 13
Statystyki odpowiedzi
Podpowiedź Odpowiedź % Poprawnych
Państwo Hiszpania
96%
Państwo Polska
95%
Państwo Włochy
95%
Państwo Niemcy
93%
Państwo Holandia
90%
Państwo Austria
88%
Państwo Belgia
88%
Państwo Francja
83%
Państwo Luksemburg
77%
Państwo Szwajcaria
77%
Państwo Chorwacja
47%
Państwo Słowenia
42%
Państwo Grecja
14%
Nie znaleziono quizów pasujących do podanych kryteriów
Rozkład punktacji
Procent ludzi z każdym wynikiem
Percentyl według liczby udzielonych odpowiedzi
Twoja historia wyników
Nie rozwiązałeś tego quizu